00631nam a22002057a 450000500170000000800410001702000150005804000070007304100080008008200220008810000210011024500740013126000360020530000260024136500190026765000540028665000310034065000310037170000230040220220118152852.0220118b ||||| |||| 00| 0 eng d a0140084269 cAL aeng 223a331.125bWILJ aShirley Williams aJob to Live: The Impact of Tommorrow's Technology on Work and Society aEngland:bPenguin Books,c1985. a246 p.bPBc20x13 cm. b2.95c£d2.95 aLabor Supply-Effects of Technological Innovations aTechnological Unemployment aComputers and Civilization aWILLIAMS (Shirley)